Caricamento...
Direct taxes manual: vol-2 rules /
| Natura: | Printed Book |
|---|---|
| Lingua: | English |
| Pubblicazione: |
New Delhi:
Taxmann,
2011.
|
| Edizione: | 41 |
| Soggetti: |
| LEADER | 00530cam a2200181ua 4500 | ||
|---|---|---|---|
| 008 | 120720t2011||||||||||| 00 ||eng c | ||
| 041 | 0 | |a eng | |
| 082 | |a 336.294 |b DIR.2 | ||
| 245 | 0 | 0 | |a Direct taxes manual: vol-2 rules / |
| 250 | |a 41 | ||
| 260 | |a New Delhi: |b Taxmann, |c 2011. | ||
| 362 | 1 | |a 2011. | |
| 650 | |a Taxes | ||
| 650 | 0 | |a Taxes-Rules | |
| 650 | 0 | |a Direct taxes | |
| 942 | |c REF | ||
| 999 | |c 27414 |d 27414 | ||
| 952 | |0 0 |1 0 |4 0 |6 336_294000000000000_DIR |7 0 |9 29182 |a KUCL |b KUCL |d 2014-05-23 |l 0 |o 336.294 DIR. |p 29082 |r 2017-03-18 |w 2014-05-23 |y REF | ||